Countries Visited by Donald Trump Map Quiz - Statistics

General Stats
  • This quiz has been taken 169 times
  • The average score is 15 of 25
Answers on the Map
Answers color-coded by a green-red scale on the quiz's map according to % correct below.
 
Answer Stats
Answer % Correct
Canada
100%
France
93%
United Kingdom
92%
China
88%
Germany
86%
South Korea
86%
Japan
84%
Italy
81%
India
80%
North Korea
73%
Saudi Arabia
72%
Ireland
64%
Poland
64%
Israel
61%
Belgium
53%
Switzerland
53%
Argentina
49%
Iraq
46%
Vietnam
46%
Philippines
38%
Singapore
38%
Vatican City
33%
Finland
30%
Afghanistan
29%
Palestine
9%
No matching quizzes found
Score Distribution
Percent of People with Each Score
Percentile by Number Answered
Your Score History
You have not taken this quiz